|
|
|
|
| LEADER |
00000nab a2200000 a 4500 |
| 001 |
vtls000902145 |
| 003 |
SK-MaSNL |
| 005 |
20260302180018.0 |
| 008 |
040720e19991109xo 0 slo |
| 035 |
|
|
|a KE11121
|
| 040 |
|
|
|a KEVKJB
|b slo
|c KEVKJB
|e AACR2
|
| 041 |
0 |
|
|a slo
|
| 044 |
|
|
|a xo
|c SK
|
| 080 |
|
|
|a 331.881
|2 1981
|
| 080 |
|
|
|a 669.1
|2 1981
|
| 245 |
0 |
0 |
|a Čoho sa Saktor bojí ?
|
| 610 |
2 |
7 |
|a Odborový zväz Metalurg VSŽ
|2 KEVKJB
|9 877784
|
| 610 |
2 |
7 |
|a Východoslovenské železiarne (Košice, Slovensko)
|2 KEVKJB
|
| 610 |
2 |
7 |
|a Východoslovenské železiarne Holding (Košice, Slovensko)
|2 snkbucl
|9 29927
|
| 650 |
0 |
7 |
|a odbory
|2 KEVKJB
|9 2328
|
| 651 |
|
7 |
|a Košice (Slovensko)
|2 KEVKJB
|9 18694
|
| 651 |
|
7 |
|a KE,
|2 KEVKJB
|9 877256
|
| 655 |
|
7 |
|a periodikum
|2 snkbucl
|9 29553
|
| 700 |
0 |
|
|a Čoho
|4 iní
|9 888388
|
| 710 |
2 |
|
|a Odborový zväz Metalurg VSŽ
|4 aut
|9 877784
|
| 710 |
2 |
|
|a Východoslovenské železiarne (Košice, Slovensko)
|4 aut
|
| 773 |
0 |
8 |
|t Košický večer
|g Roč. 10
|g Roč. 31, č.215, 9.11.1999, s. 3
|
| 852 |
|
|
|a ZVYKNI
|b KIS3GCP
|
| 999 |
|
|
|c 1409104
|d 1411034
|